[Event "ch-Frankfurt A"]
[Site "Frankfurt Main"]
[Date "2025.04.28"]
[Round "1.1"]
[White "Krause, Jonah"]
[Black "Clauss, Hendrik"]
[Result "1-0"]
[WhiteElo "2361"]
[BlackElo "1796"]
[PlyCount "51"]
[EventDate "2025.04.28"]
[EventType "swiss"]
[EventRounds "7"]
[EventCountry "GER"]
[WhiteTeam "FC ST.Pauli 1910 eV SAbt"]
[BlackTeam "SC Bergen-Enkheim 1922"]

1. d4 e6 2. c4 Nf6 3. Nf3 b6 4. g3 Ba6 5. b3 Bb4+ 6. Bd2 Be7 7. Nc3 Bb7 8. Bg2 c5 9. dxc5 bxc5 10. O-O O-O 11. Bf4 a6 12. Bd6 Ne4 13. Nxe4 Bxe4 14. Qd2 Nc6 15. Rfd1 Ra7 16. e3 Re8 17. Rac1 Qb6 18. Bxe7 Rxe7 19. Qd6 Re8 20. Ne5 Bxg2 21. Kxg2 Qb7 22. Nf3 Qb4 23. Ne1 Qa5 24. Nd3 Qxa2 25. Nxc5 Nb4 26. Qb6 1-0

[Event "ch-Frankfurt A"]
[Site "Frankfurt Main"]
[Date "2025.04.28"]
[Round "1.3"]
[White "Leimeister, Erhard"]
[Black "Bratmann, Marc"]
[Result "1-0"]
[WhiteElo "2209"]
[BlackElo "1856"]
[PlyCount "29"]
[EventDate "2025.04.28"]
[EventType "swiss"]
[EventRounds "7"]
[EventCountry "GER"]
[WhiteTeam "SV 1934 Ffm-Griesheim"]
[BlackTeam "Sfr Stiller Zug Wiesbaden"]

1. Nf3 d5 2. c4 Nf6 3. cxd5 Nxd5 4. d4 e6 5. e4 Nf6 6. Nc3 Be7 7. Bd3 O-O 8. O-O c5 9. dxc5 Bxc5 10. e5 Nd5 11. Bxh7+ Kh8 12. Bb1 Nc6 13. Qc2 g6 14. Ne4 Be7 15. Qd2 1-0

[Event "ch-Frankfurt A"]
[Site "Frankfurt Main"]
[Date "2025.04.28"]
[Round "1.4"]
[White "Börsch, Dieter"]
[Black "Heß, Steffen"]
[Result "0-1"]
[WhiteElo "1800"]
[BlackElo "2081"]
[PlyCount "68"]
[EventDate "2025.04.28"]
[EventType "swiss"]
[EventRounds "7"]
[EventCountry "GER"]
[WhiteTeam "SK Bad Homburg 1927"]
[BlackTeam "SC Groß-Zimmern"]

1. d4 g6 2. c4 Bg7 3. Nc3 d6 4. e4 Nd7 5. Nf3 e5 6. d5 Ne7 7. Be2 O-O 8. O-O f5 9. exf5 gxf5 10. Re1 Nf6 11. Bg5 Bd7 12. Rc1 h6 13. Bxf6 Rxf6 14. Bf1 Ng6 15. Ne2 Kh7 16. Ng3 Rf7 17. b4 Qg8 18. c5 Bf8 19. c6 bxc6 20. dxc6 Be6 21. Bc4 Nf4 22. Bxe6 Nxe6 23. Nh4 Nd4 24. Qh5 Be7 25. Nf3 Nxf3+ 26. Qxf3 Qg6 27. Kh1 Rg8 28. Rg1 e4 29. Qe2 d5 30. Qb5 f4 31. Nf1 Qh5 32. Rc2 Rfg7 33. Rd2 Rg5 34. Qa6 Qf3 0-1

[Event "ch-Frankfurt A"]
[Site "Frankfurt Main"]
[Date "2025.04.28"]
[Round "1.5"]
[White "Kupriyanov, Daniel"]
[Black "Rotermund, Verena"]
[Result "1-0"]
[WhiteElo "2112"]
[BlackElo "1799"]
[PlyCount "127"]
[EventDate "2025.04.28"]
[EventType "swiss"]
[EventRounds "7"]
[EventCountry "GER"]
[BlackTeam "Vorw.Orient Mainz"]

1. d4 Nf6 2. c4 d6 3. Nf3 g6 4. Nc3 Bg7 5. e4 O-O 6. Be2 Nc6 7. d5 Nb4 8. O-O a5 9. h3 e5 10. dxe6 Bxe6 11. Nd4 Na6 12. Nxe6 fxe6 13. Be3 Nd7 14. Rc1 Nac5 15. f3 Be5 16. Bf2 Bf4 17. Rb1 Qe8 18. b3 Qf7 19. a3 b6 20. b4 axb4 21. axb4 Nb7 22. g3 Bh6 23. Qb3 c6 24. Kg2 Bg7 25. Ra1 g5 26. Rxa8 Rxa8 27. Na4 Rb8 28. Rd1 c5 29. Nc3 Ne5 30. Nb5 Qe7 31. bxc5 dxc5 32. Qa4 Na5 33. Rd6 Bf8 34. Rd1 Bg7 35. Be3 h6 36. Rd2 Rd8 37. Na3 Bf8 38. Qd1 Ra8 39. f4 gxf4 40. gxf4 Ng6 41. Kh2 Qf6 42. Qg1 Be7 43. e5 Qf7 44. Bh5 Kh7 45. Qg2 Rg8 46. Qe4 Qf5 47. Qxf5 exf5 48. Rd7 Rg7 49. Rd2 Nh4 50. Rc2 Nc6 51. Nb5 Nb4 52. Rd2 Nc6 53. Nc7 Nd4 54. Nd5 Ne6 55. Nxb6 Nd4 56. Bxd4 cxd4 57. Nd5 Bc5 58. Nf6+ Kh8 59. Rb2 Ba7 60. c5 d3 61. Ra2 Rc7 62. Kg3 Kg7 63. Ne8+ Kf8 64. Nxc7 1-0

[Event "ch-Frankfurt A"]
[Site "Frankfurt Main"]
[Date "2025.04.28"]
[Round "1.6"]
[White "Dobaj, Daniel"]
[Black "Cwiek, Ryszard"]
[Result "0-1"]
[WhiteElo "1637"]
[BlackElo "2031"]
[PlyCount "82"]
[EventDate "2025.04.28"]
[EventType "swiss"]
[EventRounds "7"]
[EventCountry "GER"]

1. e4 e6 2. d4 d5 3. Bd3 Nf6 4. Nc3 c5 5. Nf3 c4 6. Be2 Bb4 7. Nd2 Qa5 8. Ncb1 c3 9. bxc3 Bxc3 10. Nxc3 Qxc3 11. Rb1 Nxe4 12. Rb3 Qxd4 13. O-O Nc6 14. Nxe4 dxe4 15. Ba3 Qxd1 16. Rxd1 e5 17. f3 a6 18. Rb6 Nd4 19. Bc4 e3 20. Bc5 e2 21. Re1 Be6 22. Bxe6 Nxe6 23. Bf2 O-O-O 24. Rxe2 Rd1+ 25. Be1 Kc7 26. Rb4 f6 27. f4 Nxf4 28. Re3 Kb8 29. Rb2 Rhd8 30. Kf2 Rc1 31. Reb3 Rd7 32. Bb4 Ne6 33. Bd6+ Rxd6 34. Rxb7+ Kc8 35. Rb8+ Kd7 36. R2b7+ Nc7 37. Rg8 Rxc2+ 38. Kf3 Rd3+ 39. Ke4 Rd4+ 40. Kf3 Rc3+ 41. Ke2 Kc6 0-1

[Event "ch-Frankfurt A"]
[Site "Frankfurt Main"]
[Date "2025.04.28"]
[Round "1.7"]
[White "Engel, Manfred"]
[Black "Hofmann, Werner"]
[Result "1-0"]
[WhiteElo "2234"]
[BlackElo "1780"]
[PlyCount "53"]
[EventDate "2025.04.28"]
[EventType "swiss"]
[EventRounds "7"]
[EventCountry "GER"]
[WhiteTeam "SC Frankfurt-West"]
[BlackTeam "SV 1920 Kelsterbach"]

1. c4 Nf6 2. Nc3 g6 3. g3 Bg7 4. Bg2 O-O 5. e3 e5 6. Nge2 Re8 7. d4 d6 8. O-O c6 9. b3 Bf5 10. e4 Bd7 11. Ba3 Bc8 12. dxe5 dxe5 13. Qxd8 Rxd8 14. Rad1 Re8 15. h3 b6 16. Bd6 Bb7 17. f4 exf4 18. gxf4 c5 19. e5 Bxg2 20. Kxg2 Nh5 21. Nd5 Na6 22. Nec3 f6 23. Rde1 fxe5 24. fxe5 Rad8 25. Nb5 Rd7 26. e6 Rb7 27. Bh2 1-0

[Event "ch-Frankfurt A"]
[Site "Frankfurt Main"]
[Date "2025.04.28"]
[Round "1.8"]
[White "Rauscher, Joachim"]
[Black "von Wahden, Jens"]
[Result "1/2-1/2"]
[WhiteElo "1801"]
[BlackElo "1957"]
[PlyCount "55"]
[EventDate "2025.04.28"]
[EventType "swiss"]
[EventRounds "7"]
[EventCountry "GER"]
[WhiteTeam "SC Brett vorm Kopp Ffm"]
[BlackTeam "SV Oberursel"]

1. e4 e6 2. d4 d5 3. Nd2 h6 4. Ngf3 Nf6 5. Bd3 c5 6. c3 Nc6 7. dxc5 Bxc5 8. Qe2 Qc7 9. Nb3 Be7 10. O-O O-O 11. Bd2 e5 12. h3 Be6 13. Rfe1 Bd6 14. Rac1 a5 15. exd5 Nxd5 16. c4 Ndb4 17. Bb1 a4 18. Na1 Na6 19. Bc3 f6 20. Qc2 f5 21. b3 a3 22. Qe2 e4 23. Nd4 Nxd4 24. Bxd4 Bd7 25. Nc2 Bc5 26. Rcd1 Bc6 27. Bxc5 Nxc5 28. Nd4 1/2-1/2

[Event "ch-Frankfurt A"]
[Site "Frankfurt Main"]
[Date "2025.04.28"]
[Round "1.10"]
[White "Hensel, Roman"]
[Black "Hochmuth, Christian"]
[Result "1-0"]
[WhiteElo "1781"]
[BlackElo "1996"]
[PlyCount "99"]
[EventDate "2025.04.28"]
[EventType "swiss"]
[EventRounds "7"]
[EventCountry "GER"]
[WhiteTeam "SV Oberursel"]
[BlackTeam "Schachdrachen Büdingen-Wächtersb"]

1. d4 d5 2. c4 c6 3. Nc3 Nf6 4. e3 e6 5. Nf3 Nbd7 6. Be2 Bd6 7. O-O O-O 8. b3 b6 9. Bb2 Bb7 10. Bd3 Re8 11. Re1 h6 12. Rc1 Rc8 13. e4 dxe4 14. Nxe4 Be7 15. Nxf6+ Nxf6 16. Ne5 c5 17. dxc5 Bxc5 18. Bb1 Qxd1 19. Rcxd1 Red8 20. Bc3 a5 21. Kf1 Kf8 22. Bc2 Ke7 23. f3 Kf8 24. Ke2 Ke7 25. Rf1 Kf8 26. Rxd8+ Rxd8 27. Rd1 Rxd1 28. Kxd1 Ke7 29. Ke2 Ne8 30. Nd3 Bg1 31. h3 Ba6 32. a4 f6 33. Nf2 Kd6 34. Bd4 Kc7 35. f4 Nd6 36. g4 Bb7 37. Kf1 Bxf2 38. Kxf2 Be4 39. Bxe4 Nxe4+ 40. Ke3 Nc5 41. Bxc5 bxc5 42. Ke4 Kd6 43. h4 g6 44. h5 f5+ 45. Kf3 fxg4+ 46. Kxg4 gxh5+ 47. Kxh5 e5 48. f5 Ke7 49. Kg6 Kf8 50. b4 1-0

[Event "ch-Frankfurt A"]
[Site "Frankfurt Main"]
[Date "2025.04.28"]
[Round "1.11"]
[White "Lenhard, Martin"]
[Black "Lopez Fuertes, Victor"]
[Result "1-0"]
[WhiteElo "2004"]
[BlackElo "1741"]
[PlyCount "91"]
[EventDate "2025.04.28"]
[EventType "swiss"]
[EventRounds "7"]
[EventCountry "GER"]
[WhiteTeam "SV 1920 Hofheim"]
[BlackTeam "SC 1910 Höchst"]

1. e4 b6 2. d4 Bb7 3. Nc3 e6 4. Bd3 a6 5. Be3 d6 6. f4 Qh4+ 7. g3 Qe7 8. Nf3 Nf6 9. Qe2 Nc6 10. a3 Nb8 11. h3 b5 12. b4 g6 13. O-O Bg7 14. Bf2 Nfd7 15. e5 Bxf3 16. Qxf3 d5 17. Rfb1 Nb6 18. a4 c6 19. Kh2 O-O 20. g4 Re8 21. Bg3 Qb7 22. f5 Nc4 23. Qf2 Qd7 24. f6 Bh6 25. Bf4 Bf8 26. Qh4 Rc8 27. Bh6 Qe8 28. Bxf8 Qxf8 29. Qg5 Nd7 30. a5 Kh8 31. Qf4 Rab8 32. Ne2 Qg8 33. c3 Rb7 34. g5 Rcc7 35. Kg2 Ra7 36. Rh1 Rcb7 37. Rh2 Qc8 38. h4 Kg8 39. h5 Nf8 40. Rah1 Rd7 41. Kf3 Rac7 42. Qc1 Qb7 43. Nf4 Qa7 44. Qe1 Qb7 45. Qh4 Nd2+ 46. Rxd2 1-0

[Event "ch-Frankfurt A"]
[Site "Frankfurt Main"]
[Date "2025.04.28"]
[Round "1.14"]
[White "Gärtner, Peter"]
[Black "Rutsatz, Mario"]
[Result "1/2-1/2"]
[WhiteElo "1757"]
[BlackElo "1913"]
[PlyCount "49"]
[EventDate "2025.04.28"]
[EventType "swiss"]
[EventRounds "7"]
[EventCountry "GER"]
[WhiteTeam "Sfr.Mainz 1928"]
[BlackTeam "SC 1961 König Nied"]

1. d4 Nf6 2. Nf3 d5 3. e3 g6 4. Nbd2 Bg7 5. Bd3 O-O 6. b3 c5 7. Bb2 cxd4 8. exd4 Nc6 9. a3 Bf5 10. Bxf5 gxf5 11. Qe2 Ne4 12. O-O-O Rc8 13. Kb1 b5 14. Nxe4 dxe4 15. Ne5 Nxe5 16. dxe5 Qc7 17. f4 f6 18. Rd5 fxe5 19. fxe5 a6 20. Rhd1 Rfd8 21. Qd2 Rxd5 22. Qxd5+ Kh8 23. c4 bxc4 24. bxc4 h6 25. Qe6 1/2-1/2

[Event "ch-Frankfurt A"]
[Site "Frankfurt Main"]
[Date "2025.04.28"]
[Round "1.15"]
[White "Brehme, Ralf-Peter"]
[Black "Stricker, Konstantin"]
[Result "1-0"]
[WhiteElo "1964"]
[BlackElo "1799"]
[PlyCount "55"]
[EventDate "2025.04.28"]
[EventType "swiss"]
[EventRounds "7"]
[EventCountry "GER"]
[WhiteTeam "Vorw.Orient Mainz"]
[BlackTeam "SC Eschbach im Usinger Land"]

1. f4 d6 2. Nf3 c6 3. e3 Qc7 4. b3 Nf6 5. Bb2 Nbd7 6. d4 Ne4 7. Bd3 Ndf6 8. O-O Bf5 9. Nbd2 Nxd2 10. Qxd2 Ne4 11. Qe2 h6 12. c4 d5 13. cxd5 cxd5 14. Rac1 Qd6 15. Bb5+ Bd7 16. Ne5 Nf6 17. Rc2 a6 18. Bxd7+ Nxd7 19. Rfc1 Nxe5 20. dxe5 Qd8 21. e6 h5 22. exf7+ Kxf7 23. e4 Kg8 24. exd5 Qxd5 25. Rc5 Qf7 26. Qe4 e6 27. Rc7 Qf5 28. Qxb7 1-0

[Event "ch-Frankfurt A"]
[Site "Frankfurt Main"]
[Date "2025.04.28"]
[Round "1.16"]
[White "Erbach, Jürgen"]
[Black "Ewers, Christian"]
[Result "1/2-1/2"]
[WhiteElo "1669"]
[BlackElo "1880"]
[PlyCount "71"]
[EventDate "2025.04.28"]
[EventType "swiss"]
[EventRounds "7"]
[EventCountry "GER"]
[WhiteTeam "Sfr.1932 Kelkheim"]

1. Nf3 f5 2. e3 e6 3. c4 Nf6 4. Nc3 b6 5. b3 Bb7 6. Bb2 Be7 7. d3 O-O 8. Be2 Nc6 9. O-O Bb4 10. a3 Bxc3 11. Bxc3 Ne8 12. d4 Ne7 13. b4 Nf6 14. h3 Ne4 15. Bb2 d6 16. Nd2 Nxd2 17. Qxd2 Ng6 18. d5 e5 19. f4 Qh4 20. Bd3 e4 21. Bc2 Qg3 22. Qf2 Qxf2+ 23. Rxf2 Nh4 24. b5 a6 25. a4 axb5 26. axb5 Rxa1+ 27. Bxa1 Ra8 28. Bb2 Bc8 29. Bd1 Bd7 30. Bb3 h6 31. Rf1 Be8 32. Ra1 Rxa1+ 33. Bxa1 Bh5 34. Kf2 Kf7 35. c5 bxc5 36. Bc3 1/2-1/2

[Event "ch-Frankfurt A"]
[Site "Frankfurt Main"]
[Date "2025.04.28"]
[Round "1.17"]
[White "Zimmer, Gerald"]
[Black "Kluge, Joscha"]
[Result "1-0"]
[WhiteElo "1951"]
[BlackElo "1677"]
[PlyCount "67"]
[EventDate "2025.04.28"]
[EventType "swiss"]
[EventRounds "7"]
[EventCountry "GER"]
[WhiteTeam "SC Bergen-Enkheim 1922"]
[BlackTeam "SC Bergen-Enkheim 1922"]

1. d4 Nf6 2. Nf3 d6 3. c4 g6 4. Nc3 Bg7 5. e4 O-O 6. h3 Nc6 7. d5 Nb8 8. Be2 e5 9. Nh2 Nbd7 10. Be3 a5 11. a3 b6 12. Qc2 Nc5 13. g4 Bd7 14. Nf1 a4 15. Nd2 Ne8 16. h4 Qc8 17. g5 Bg4 18. Bxg4 Qxg4 19. f3 Qd7 20. O-O-O f5 21. exf5 Qxf5 22. Nce4 Nb3+ 23. Nxb3 axb3 24. Qxb3 Qxf3 25. Qd3 Qh5 26. Rdf1 Rc8 27. Rxf8+ Kxf8 28. Qf1+ Kg8 29. Qh3 Ra8 30. Kd2 h6 31. Rf1 hxg5 32. Qe6+ Kh7 33. hxg5 c6 34. dxc6 1-0

[Event "ch-Frankfurt A"]
[Site "Frankfurt Main"]
[Date "2025.04.28"]
[Round "1.18"]
[White "Roth, Daniel"]
[Black "Kumar, Naren N"]
[Result "0-1"]
[WhiteElo "1804"]
[BlackElo "1885"]
[PlyCount "76"]
[EventDate "2025.04.28"]
[EventType "swiss"]
[EventRounds "7"]
[EventCountry "GER"]
[WhiteTeam "SC Matt im Park Ffm"]
[BlackTeam "SC 1961 König Nied"]

1. e4 c5 2. c3 d5 3. exd5 Qxd5 4. d4 e6 5. Nf3 Nf6 6. Be2 Nc6 7. O-O cxd4 8. cxd4 Be7 9. Nc3 Qa5 10. Bd2 O-O 11. Bd3 Nb4 12. Ne2 Qb6 13. Bb1 Bd7 14. a3 Nbd5 15. b4 Rac8 16. Ne5 Bb5 17. Bd3 Bxd3 18. Nxd3 Qb5 19. Be3 Nxe3 20. fxe3 Bd6 21. g3 Qd5 22. Nef4 Qe4 23. Qd2 Ng4 24. Ng2 e5 25. h3 exd4 26. hxg4 Bxg3 27. Nf2 Qg6 28. exd4 f5 29. Qe3 f4 30. Qf3 Qh6 31. Qd5+ Kh8 32. Qh5 Qe6 33. Rad1 Qa6 34. Ne4 Qxa3 35. Nxg3 fxg3 36. Rxf8+ Rxf8 37. Qc5 Qf3 38. d5 Qxd1+ 0-1

[Event "ch-Frankfurt A"]
[Site "Frankfurt Main"]
[Date "2025.04.28"]
[Round "1.20"]
[White "Münstermann, Matthias"]
[Black "Steigleder, Maximilian"]
[Result "0-1"]
[WhiteElo "1760"]
[BlackElo "1901"]
[PlyCount "58"]
[EventDate "2025.04.28"]
[EventType "swiss"]
[EventRounds "7"]
[EventCountry "GER"]
[WhiteTeam "SK Langen"]
[BlackTeam "Sfr.1932 Kelkheim"]

1. d4 Nf6 2. c4 g6 3. Nc3 Bg7 4. e4 d6 5. Be2 O-O 6. Be3 Nbd7 7. Qd2 e5 8. d5 a5 9. g4 Nc5 10. f3 Nfd7 11. O-O-O f5 12. h3 a4 13. Kb1 b6 14. gxf5 gxf5 15. h4 Nf6 16. Bd3 fxe4 17. fxe4 Ng4 18. Bg5 Qd7 19. Nh3 h6 20. Be3 Nxd3 21. Qxd3 Rf3 22. Rde1 Ba6 23. Nd1 b5 24. Qe2 Raf8 25. Bd2 bxc4 26. Qg2 a3 27. Ne3 c3 28. Nxg4 Bd3+ 29. Kc1 axb2+ 0-1

[Event "ch-Frankfurt A"]
[Site "Frankfurt Main"]
[Date "2025.04.28"]
[Round "1.21"]
[White "Philipp, Nils"]
[Black "Basedow, Marc"]
[Result "1-0"]
[WhiteElo "1902"]
[BlackElo "1757"]
[PlyCount "77"]
[EventDate "2025.04.28"]
[EventType "swiss"]
[EventRounds "7"]
[EventCountry "GER"]
[WhiteTeam "Sabt Frankfurter TV 1860"]
[BlackTeam "SC Bad Soden"]

1. d4 Nf6 2. Nf3 g6 3. Bf4 d6 4. h3 Bg7 5. e3 a6 6. Be2 Nbd7 7. O-O O-O 8. c3 c5 9. a4 b6 10. Nbd2 Bb7 11. Re1 cxd4 12. exd4 Nd5 13. Bh2 e5 14. Nc4 Nf4 15. Bxf4 exf4 16. Nxd6 Qc7 17. Nxb7 Qxb7 18. Bc4 b5 19. axb5 axb5 20. Rxa8 Rxa8 21. Qb3 Nf6 22. Qxb5 Rb8 23. Qxb7 Rxb7 24. b3 Kf8 25. Ne5 Ne8 26. Bd5 Rc7 27. c4 Re7 28. Bc6 Nf6 29. Ra1 Bh6 30. Ra8+ Kg7 31. b4 f3 32. gxf3 Bd2 33. Nd3 Nh5 34. b5 Nf4 35. Nxf4 Re1+ 36. Kg2 Bxf4 37. b6 Rd1 38. d5 Rc1 39. Bb5 1-0

[Event "ch-Frankfurt A"]
[Site "Frankfurt Main"]
[Date "2025.04.28"]
[Round "1.23"]
[White "Raumanns, Niklas"]
[Black "Grinberg, Igor"]
[Result "1-0"]
[WhiteElo "1850"]
[BlackElo "1600"]
[PlyCount "99"]
[EventDate "2025.04.28"]
[EventType "swiss"]
[EventRounds "7"]
[EventCountry "GER"]
[WhiteTeam "SC Bergen-Enkheim 1922"]
[BlackTeam "SAbt TuS Makkabi Ffm"]

1. b3 d5 2. Bb2 Nf6 3. e3 Bf5 4. c4 c6 5. cxd5 cxd5 6. Nc3 a6 7. Nf3 e6 8. Be2 Nc6 9. d4 Bd6 10. Nh4 Bg6 11. Nxg6 hxg6 12. g3 b5 13. Rc1 Rc8 14. O-O O-O 15. Bf3 Qb6 16. Qd2 Bb4 17. a3 Be7 18. Rfd1 Na5 19. Qd3 Qb8 20. e4 dxe4 21. Nxe4 Rfd8 22. Nd2 Nd5 23. b4 Nb7 24. Nb3 Bf6 25. Nc5 Nxc5 26. bxc5 e5 27. Qb3 Ne7 28. d5 Nf5 29. Bg4 Qa7 30. c6 Rc7 31. Bxf5 gxf5 32. Bc3 Be7 33. Ba5 Bd6 34. Qe3 Qxe3 35. fxe3 Rdc8 36. Bxc7 Rxc7 37. Kf2 e4 38. h3 Kf8 39. g4 fxg4 40. hxg4 Ke7 41. Rd4 Bxa3 42. Rxe4+ Kd6 43. Rd1 Re7 44. Rxe7 Kxe7 45. Ke2 g6 46. Kd3 f5 47. gxf5 gxf5 48. Ra1 b4 49. Rxa3 bxa3 50. Kc2 1-0

[Event "ch-Frankfurt A"]
[Site "Frankfurt Main"]
[Date "2025.04.28"]
[Round "1.24"]
[White "Friedel, Thomas"]
[Black "Gutacker, Stephan"]
[Result "0-1"]
[WhiteElo "1709"]
[BlackElo "1932"]
[PlyCount "60"]
[EventDate "2025.04.28"]
[EventType "swiss"]
[EventRounds "7"]
[EventCountry "GER"]
[WhiteTeam "SV 1946 Groß-Gerau"]
[BlackTeam "Sfr.1932 Kelkheim"]

1. Nf3 d5 2. d4 Nf6 3. c4 e6 4. Nc3 c6 5. e3 Bd6 6. Bd3 dxc4 7. Bxc4 b5 8. Bd3 Bb7 9. O-O O-O 10. Qc2 Nbd7 11. e4 e5 12. d5 b4 13. dxc6 Bxc6 14. Nb5 Bxb5 15. Bxb5 Rc8 16. Qa4 Nc5 17. Qxb4 Ncxe4 18. Qe1 Qb6 19. Qe2 Bc5 20. Ba4 Nxf2 21. Rxf2 Ng4 22. Bd7 Nxf2 23. Bxc8 Rxc8 24. Kf1 e4 25. Ne5 Rd8 26. Bg5 Rd5 27. Nc4 Qe6 28. Be3 Nd3 29. Bxc5 Nxc5 30. b3 Qf6+ 0-1

[Event "ch-Frankfurt A"]
[Site "Frankfurt Main"]
[Date "2025.04.28"]
[Round "1.26"]
[White "Felgendreher, Luke"]
[Black "Winand, Edgar"]
[Result "0-1"]
[WhiteElo "1681"]
[BlackElo "1879"]
[PlyCount "76"]
[EventDate "2025.04.28"]
[EventType "swiss"]
[EventRounds "7"]
[EventCountry "GER"]
[WhiteTeam "Freibauer Mörlenbach-Birkenau"]
[BlackTeam "SF Frankfurt 1921"]

1. e4 g5 2. d4 Bg7 3. Bxg5 c5 4. Be3 Nc6 5. c3 cxd4 6. cxd4 Qb6 7. b3 Nxd4 8. Nd2 Qg6 9. Rc1 Nh6 10. Ngf3 Nxf3+ 11. Qxf3 O-O 12. Bc4 Ng4 13. Bf4 Ne5 14. Bxe5 Bxe5 15. O-O d6 16. h3 Qg5 17. Rfd1 a6 18. a4 b5 19. Bd5 Rb8 20. a5 Bb2 21. Rc2 Ba3 22. Qc3 Qg7 23. Qd3 Bb4 24. Nf1 Bxa5 25. Ng3 e6 26. Bc6 Bb4 27. Qf3 Bc5 28. e5 Qxe5 29. Re2 Qg7 30. Nh5 Qg5 31. Nf6+ Kh8 32. Re4 e5 33. g3 Bf5 34. Rh4 Qxf6 35. Be4 Rg8 36. Rxh7+ Kxh7 37. Bxf5+ Kg7 38. Qg4+ Kf8 0-1

[Event "ch-Frankfurt A"]
[Site "Frankfurt Main"]
[Date "2025.04.28"]
[Round "1.27"]
[White "Mayer, Frank"]
[Black "Ghaznavi, Massoud"]
[Result "1-0"]
[WhiteElo "1984"]
[BlackElo "1616"]
[PlyCount "141"]
[EventDate "2025.04.28"]
[EventType "swiss"]
[EventRounds "7"]
[EventCountry "GER"]
[WhiteTeam "Wiesbadener SV 1885"]
[BlackTeam "SV Oberursel"]

1. e4 e5 2. Nf3 Nc6 3. Bc4 Bc5 4. O-O h6 5. c3 a6 6. d4 exd4 7. cxd4 Bb6 8. d5 Nce7 9. e5 d6 10. Re1 Bg4 11. h3 Bh5 12. Nc3 dxe5 13. g4 Bg6 14. Nxe5 Qd6 15. Bf4 Qf6 16. Qf3 O-O-O 17. a4 Bc5 18. Qg3 Bd6 19. Rac1 Bh7 20. g5 hxg5 21. Bxg5 Bxe5 22. Bxf6 Bxg3 23. Bxg7 Bh4 24. Bxh8 Nh6 25. Bd4 Rg8+ 26. Kh1 Nef5 27. Bc5 b6 28. Bxa6+ Kb8 29. Be3 Nxe3 30. Rxe3 Bxf2 31. Rf3 Bc5 32. Bd3 f5 33. Re1 Kb7 34. Re6 Nf7 35. Bb1 Nd6 36. Rh6 Rg7 37. Nb5 Bg8 38. Nxd6+ Bxd6 39. Rxf5 Bf7 40. h4 Be8 41. Rh8 Bd7 42. Rg5 Re7 43. Bf5 Bxa4 44. Be6 c6 45. Rhg8 cxd5 46. Bxd5+ Bc6 47. Bxc6+ Kxc6 48. h5 Re1+ 49. Rg1 Re2 50. R8g2 Re4 51. Rg4 Re2 52. Rc1+ Kb5 53. Rh4 Rxb2 54. h6 Be7 55. Rh5+ Ka6 56. Rf1 Bb4 57. Rf3 Rb1+ 58. Kg2 Rb2+ 59. Kf1 Rb1+ 60. Ke2 Re1+ 61. Kd3 Re8 62. h7 Rh8 63. Rg3 Be7 64. Rg8 Bf6 65. Rxh8 Bxh8 66. Kc4 Kb7 67. Kb5 Kc7 68. Rh6 Kd7 69. Rg6 Ke7 70. Rg8 Bd4 71. h8=Q 1-0

[Event "ch-Frankfurt A"]
[Site "Frankfurt Main"]
[Date "2025.04.28"]
[Round "1.28"]
[White "Fayed, Ahmed"]
[Black "Muthig, Holger"]
[Result "1-0"]
[WhiteElo "1656"]
[BlackElo "1810"]
[PlyCount "69"]
[EventDate "2025.04.28"]
[EventType "swiss"]
[EventRounds "7"]
[EventCountry "GER"]
[WhiteTeam "Sfr.1932 Kelkheim"]

1. d4 d5 2. Nf3 c6 3. e3 Nf6 4. Nbd2 Bf5 5. c4 Nbd7 6. Qb3 Qb6 7. cxd5 cxd5 8. Bb5 e6 9. Ne5 O-O-O 10. Nxf7 Be7 11. Nxh8 Rxh8 12. Bxd7+ Nxd7 13. Qxb6 Nxb6 14. b3 Bf6 15. Ke2 Kd7 16. Bb2 Rc8 17. Rhc1 Be7 18. f3 Bb4 19. Rxc8 Nxc8 20. a3 Bd6 21. h3 Ne7 22. e4 Bg6 23. Ke3 Nc6 24. e5 Bc7 25. g4 a5 26. f4 b5 27. Rf1 Bb6 28. f5 Bf7 29. Nf3 h6 30. Nh4 Ne7 31. fxe6+ Kxe6 32. Nf5 Nxf5+ 33. gxf5+ Ke7 34. f6+ gxf6 35. Rxf6 1-0

[Event "ch-Frankfurt A"]
[Site "Frankfurt Main"]
[Date "2025.04.28"]
[Round "1.31"]
[White "Trierweiler, Joachim"]
[Black "Schaum, Adalbert"]
[Result "1-0"]
[WhiteElo "1836"]
[BlackElo "1490"]
[PlyCount "95"]
[EventDate "2025.04.28"]
[EventType "swiss"]
[EventRounds "7"]
[EventCountry "GER"]
[WhiteTeam "Vorw.Orient Mainz"]
[BlackTeam "SV 1997 Nauheim"]

1. Nf3 d5 2. c4 e6 3. g3 Nf6 4. Bg2 Be7 5. O-O O-O 6. cxd5 exd5 7. d3 c5 8. Nc3 b6 9. Bd2 Bb7 10. Rc1 Nbd7 11. a3 Rc8 12. Qa4 a6 13. Rfd1 d4 14. Na2 b5 15. Qc2 a5 16. Qb1 a4 17. b4 Bd5 18. bxc5 Bxc5 19. Nb4 Bb3 20. Re1 Qb6 21. e3 dxe3 22. fxe3 Rfe8 23. d4 Bd6 24. Rxc8 Rxc8 25. Rc1 Rxc1+ 26. Qxc1 Bc4 27. Ng5 h6 28. Nh3 Qc7 29. Be1 Bb3 30. Qxc7 Bxc7 31. Na6 Bd6 32. Bb4 Bxb4 33. Nxb4 Nb6 34. Bf1 Bc4 35. Nf2 Nfd5 36. Bxc4 bxc4 37. Nc2 Nc3 38. Kf1 Nb5 39. Ke2 Kf8 40. Ne4 Ke7 41. Kd2 Nd5 42. Nc5 Nb6 43. Ne4 Kd7 44. Nc3 Nxc3 45. Kxc3 Kd6 46. e4 f6 47. Ne3 Kc6 48. Nxc4 1-0

[Event "ch-Frankfurt A"]
[Site "Frankfurt Main"]
[Date "2025.04.28"]
[Round "1.32"]
[White "Brunner, Andreas"]
[Black "Rabiya, Karim"]
[Result "0-1"]
[WhiteElo "1634"]
[BlackElo "1801"]
[PlyCount "92"]
[EventDate "2025.04.28"]
[EventType "swiss"]
[EventRounds "7"]
[EventCountry "GER"]
[WhiteTeam "FV Berkersheim"]
[BlackTeam "SK Niederbrechen 1948"]

1. d4 d6 2. c4 f5 3. Nf3 Nf6 4. Nc3 g6 5. g3 Bg7 6. Bg2 O-O 7. O-O c6 8. Re1 Qc7 9. Rb1 a5 10. b3 e5 11. Bb2 e4 12. Ng5 h6 13. Nh3 d5 14. Ba1 g5 15. e3 Be6 16. Qe2 Qf7 17. cxd5 Bxd5 18. Nxd5 Nxd5 19. Rec1 Na6 20. a3 Rae8 21. Qc4 Nb8 22. Qc2 Re6 23. b4 axb4 24. axb4 Na6 25. Bc3 b5 26. Be1 Bf6 27. Qb3 Be7 28. Bf1 Rg6 29. Be2 Qe6 30. Bh5 Rgf6 31. Kg2 Bxb4 32. Bxb4 Naxb4 33. Be2 f4 34. exf4 gxf4 35. Nxf4 Nxf4+ 36. gxf4 Nd5 37. Kh1 Kh8 38. Rg1 Rxf4 39. f3 exf3 40. Bf1 f2 41. Rg3 Qe4+ 42. Rg2 Ne3 43. Qd3 Nxg2 44. Qxe4 Rxe4 45. Kxg2 h5 46. Rc1 Rg4+ 0-1